| 000 | 00835cab a2200241 4500 | ||
|---|---|---|---|
| 001 | X2846 | ||
| 008 | 090401t1995 xxu||||| |||| 00| 0 eng d | ||
| 035 | _a(Sirsi) u26804 | ||
| 041 | _aeng | ||
| 245 | _aRe Sobam BV and Satelscopp BV, Brown v Corporation of London | ||
| 260 | _c1995 | ||
| 350 | _a0 | ||
| 490 |
_aNew Property Cases _v[1995] NPC 180, (3) |
||
| 520 | _aChD 24 November 1995. An attempt by a rating authority to make a receiver liable for non-domestic unoccupied property rates fails. (taken from case heading). NOTE:- NO PHOTOCOPYING ALLOWED. | ||
| 650 | _aEMPTY PROPERTY | ||
| 650 | _aRATING AUTHORITIES | ||
| 650 | _aRECEIVERS | ||
| 650 | _aSOBAM BV AND SATELSCOPP BV BROWN V CORPORATION OF LONDON | ||
| 650 | _aUNOCCUPIED PROPERTY | ||
| 690 | _aTAXATION-CASE LAW | ||
| 942 | _n0 | ||
| 948 | _c04/03/1997 | ||
| 999 |
_c18048 _d18048 |
||